Chelsea League Players Since 2014 - Statistics

General Stats
  • This quiz has been taken 266 times
    183 since last reset
  • The average score is 220 of 271
Answer Stats
% Correct
2022/23 (Premier League - 12th) Spain RB 32 Cesar Azpilicueta 25
98%
2021/22 (Premier League - 3rd) Spain RB 31 Cesar Azpilicueta 27 1
98%
2020/21 (Premier League - 4th) Spain RB 30 Cesar Azpilicueta 26 1
98%
2019/20 (Premier League - 4th) Spain RB 29 Cesar Azpilicueta 36 2
98%
2018/19 (Premier League - 3rd) Spain RB 28 Cesar Azpilicueta 38 1
98%
2017/18 (Premier League - 5th) Spain RB 27 Cesar Azpilicueta 37 2
98%
2016/17 (Premier League - 1st) Spain RB 26 Cesar Azpilicueta 38 1
98%
2015/16 (Premier League - 10th) Spain RB 25 Cesar Azpilicueta 37 2
98%
2014/15 (Premier League - 1st) Spain RB 24 Cesar Azpilicueta 29
98%
2022/23 (Premier League - 12th) Italy DM 30 Jorginho 18 2
98%
2021/22 (Premier League - 3rd) Italy DM 29 Jorginho 29 6
98%
2020/21 (Premier League - 4th) Italy DM 28 Jorginho 28 7
98%
2019/20 (Premier League - 4th) Italy DM 27 Jorginho 31 4
98%
2018/19 (Premier League - 3rd) Italy DM 26 Jorginho 37 2
98%
2022/23 (Premier League - 12th) Spain GK 27 Kepa Arrizabalaga 29
98%
2021/22 (Premier League - 3rd) Spain GK 26 Kepa Arrizabalaga 4
98%
2020/21 (Premier League - 4th) Spain GK 25 Kepa Arrizabalaga 7
98%
2019/20 (Premier League - 4th) Spain GK 24 Kepa Arrizabalaga 33
98%
2018/19 (Premier League - 3rd) Spain GK 23 Kepa Arrizabalaga 36
98%
2022/23 (Premier League - 12th) Croatia CM 28 Mateo Kovacic 27 1
98%
2021/22 (Premier League - 3rd) Croatia CM 27 Mateo Kovacic 25 2
98%
2020/21 (Premier League - 4th) Croatia CM 26 Mateo Kovacic 27
98%
2019/20 (Premier League - 4th) Croatia CM 25 Mateo Kovacic 31 1
98%
2018/19 (Premier League - 3rd) Croatia CM 24 Mateo Kovacic 32
98%
2022/23 (Premier League - 12th) France DM 31 N'Golo Kante 7
98%
2021/22 (Premier League - 3rd) France DM 30 N'Golo Kante 26 2
98%
2020/21 (Premier League - 4th) France DM 29 N'Golo Kante 30
98%
2019/20 (Premier League - 4th) France DM 28 N'Golo Kante 22 3
98%
2018/19 (Premier League - 3rd) France DM 27 N'Golo Kante 36 4
98%
2017/18 (Premier League - 5th) France DM 26 N'Golo Kante 34 1
98%
2016/17 (Premier League - 1st) France DM 25 N'Golo Kante 35 1
98%
2023/24 (Premier League - 6th) England RB 24 Reece James 10
98%
2022/23 (Premier League - 12th) England RB 22 Reece James 16 1
98%
2021/22 (Premier League - 3rd) England RB 21 Reece James 26 5
98%
2020/21 (Premier League - 4th) England RB 20 Reece James 32 1
98%
2019/20 (Premier League - 4th) England RB 19 Reece James 24
98%
2023/24 (Premier League - 6th) Brazil CB 39 Thiago Silva 31 3
98%
2022/23 (Premier League - 12th) Brazil CB 37 Thiago Silva 27
98%
2021/22 (Premier League - 3rd) Brazil CB 36 Thiago Silva 32 3
98%
2020/21 (Premier League - 4th) Brazil CB 35 Thiago Silva 23 2
98%
2021/22 (Premier League - 3rd) Germany CB 28 Antonio Rudiger 34 3
97%
2020/21 (Premier League - 4th) Germany CB 27 Antonio Rudiger 19 1
97%
2019/20 (Premier League - 4th) Germany CB 26 Antonio Rudiger 20 2
97%
2018/19 (Premier League - 3rd) Germany CB 25 Antonio Rudiger 33 1
97%
2017/18 (Premier League - 5th) Germany CB 24 Antonio Rudiger 27 2
97%
2022/23 (Premier League - 12th) United States RW 23 Christian Pulisic 24 1
97%
2021/22 (Premier League - 3rd) United States RW 22 Christian Pulisic 22 6
97%
2020/21 (Premier League - 4th) United States RW 21 Christian Pulisic 27 4
97%
2019/20 (Premier League - 4th) United States RW 20 Christian Pulisic 25 9
97%
2018/19 (Premier League - 3rd) Belgium LW 27 Eden Hazard 37 16
97%
2017/18 (Premier League - 5th) Belgium LW 26 Eden Hazard 34 12
97%
2016/17 (Premier League - 1st) Belgium LW 25 Eden Hazard 36 16
97%
2015/16 (Premier League - 10th) Belgium LW 24 Eden Hazard 31 4
97%
2014/15 (Premier League - 1st) Belgium LW 23 Eden Hazard 38 14
97%
2022/23 (Premier League - 12th) Germany AM 23 Kai Havertz 35 7
97%
2021/22 (Premier League - 3rd) Germany AM 22 Kai Havertz 29 8
97%
2020/21 (Premier League - 4th) Germany AM 21 Kai Havertz 27 4
97%
2022/23 (Premier League - 12th) England AM 23 Mason Mount 24 3
97%
2021/22 (Premier League - 3rd) England AM 22 Mason Mount 32 11
97%
2020/21 (Premier League - 4th) England AM 21 Mason Mount 36 6
97%
2019/20 (Premier League - 4th) England AM 20 Mason Mount 37 7
97%
2023/24 (Premier League - 6th) Ecuador DM 22 Moises Caicedo 35 1
97%
2022/23 (Premier League - 12th) Senegal GK 30 Edouard Mendy 10
96%
2021/22 (Premier League - 3rd) Senegal GK 29 Edouard Mendy 34
96%
2020/21 (Premier League - 4th) Senegal GK 28 Edouard Mendy 31
96%
2016/17 (Premier League - 1st) England CB 35 John Terry 9 1
96%
2015/16 (Premier League - 10th) England CB 34 John Terry 24 1
96%
2014/15 (Premier League - 1st) England CB 33 John Terry 38 5
96%
2023/24 (Premier League - 6th) England LW 29 Raheem Sterling 31 8
96%
2022/23 (Premier League - 12th) England LW 27 Raheem Sterling 28 6
96%
2023/24 (Premier League - 6th) England LB 27 Ben Chilwell 13
95%
2022/23 (Premier League - 12th) England LB 25 Ben Chilwell 23 2
95%
2021/22 (Premier League - 3rd) England LB 24 Ben Chilwell 7 3
95%
2020/21 (Premier League - 4th) England LB 23 Ben Chilwell 27 3
95%
2023/24 (Premier League - 6th) England AM 22 Cole Palmer 33 22
95%
2023/24 (Premier League - 6th) Argentina CM 23 Enzo Fernandez 28 3
95%
2022/23 (Premier League - 12th) Argentina CM 21 Enzo Fernandez 18
95%
2023/24 (Premier League - 6th) Ukraine LW 23 Mykhaylo Mudryk 31 5
95%
2022/23 (Premier League - 12th) Ukraine LW 21 Mykhaylo Mudryk 15
95%
2021/22 (Premier League - 3rd) Belgium ST 28 Romelu Lukaku 26 8
95%
2017/18 (Premier League - 5th) Belgium GK 25 Thibaut Courtois 35
95%
2016/17 (Premier League - 1st) Belgium GK 24 Thibaut Courtois 36
95%
2015/16 (Premier League - 10th) Belgium GK 23 Thibaut Courtois 23
95%
2014/15 (Premier League - 1st) Belgium GK 22 Thibaut Courtois 32
95%
2021/22 (Premier League - 3rd) Germany ST 25 Timo Werner 21 4
95%
2020/21 (Premier League - 4th) Germany ST 24 Timo Werner 35 6
95%
2019/20 (Premier League - 4th) Brazil LW 30 Willian 36 9
95%
2018/19 (Premier League - 3rd) Brazil LW 29 Willian 32 3
95%
2017/18 (Premier League - 5th) Brazil LW 28 Willian 36 6
95%
2016/17 (Premier League - 1st) Brazil LW 27 Willian 34 8
95%
2015/16 (Premier League - 10th) Brazil LW 26 Willian 35 5
95%
2014/15 (Premier League - 1st) Brazil LW 25 Willian 36 2
95%
2021/22 (Premier League - 3rd) Denmark CB 25 Andreas Christensen 19
94%
2020/21 (Premier League - 4th) Denmark CB 24 Andreas Christensen 17
94%
2019/20 (Premier League - 4th) Denmark CB 23 Andreas Christensen 21
94%
2018/19 (Premier League - 3rd) Denmark CB 22 Andreas Christensen 8
94%
2017/18 (Premier League - 5th) Denmark CB 21 Andreas Christensen 27
94%
2014/15 (Premier League - 1st) Denmark CB 18 Andreas Christensen 1
94%
2021/22 (Premier League - 3rd) Spain LB 30 Marcos Alonso 28 4
94%
2020/21 (Premier League - 4th) Spain LB 29 Marcos Alonso 13 2
94%
2019/20 (Premier League - 4th) Spain LB 28 Marcos Alonso 18 4
94%
2018/19 (Premier League - 3rd) Spain LB 27 Marcos Alonso 31 2
94%
2017/18 (Premier League - 5th) Spain LB 26 Marcos Alonso 33 7
94%
2016/17 (Premier League - 1st) Spain LB 25 Marcos Alonso 31 6
94%
2023/24 (Premier League - 6th) Senegal ST 22 Nicolas Jackson 35 14
94%
2019/20 (Premier League - 4th) Spain RW 31 Pedro Rodriguez 11 1
94%
2018/19 (Premier League - 3rd) Spain RW 30 Pedro Rodriguez 31 8
94%
2017/18 (Premier League - 5th) Spain RW 29 Pedro Rodriguez 31 4
94%
2016/17 (Premier League - 1st) Spain RW 28 Pedro Rodriguez 35 9
94%
2015/16 (Premier League - 10th) Spain RW 27 Pedro Rodriguez 29 7
94%
2016/17 (Premier League - 1st) Spain ST 27 Diego Costa 35 20
92%
2015/16 (Premier League - 10th) Spain ST 26 Diego Costa 28 12
92%
2014/15 (Premier League - 1st) Spain ST 25 Diego Costa 26 20
92%
2016/17 (Premier League - 1st) Serbia DM 27 Nemanja Matic 35 1
92%
2015/16 (Premier League - 10th) Serbia DM 26 Nemanja Matic 33 2
92%
2014/15 (Premier League - 1st) Serbia DM 26 Nemanja Matic 36 1
92%
2018/19 (Premier League - 3rd) England CB 32 Gary Cahill 2
91%
2017/18 (Premier League - 5th) England CB 31 Gary Cahill 27
91%
2016/17 (Premier League - 1st) England CB 30 Gary Cahill 37 6
91%
2015/16 (Premier League - 10th) England CB 29 Gary Cahill 23 2
91%
2014/15 (Premier League - 1st) England CB 28 Gary Cahill 36 1
91%
2022/23 (Premier League - 12th) Morocco RW 29 Hakim Ziyech 18
91%
2021/22 (Premier League - 3rd) Morocco RW 28 Hakim Ziyech 23 4
91%
2020/21 (Premier League - 4th) Morocco RW 27 Hakim Ziyech 23 2
91%
2018/19 (Premier League - 3rd) Brazil CB 31 David Luiz 36 3
90%
2017/18 (Premier League - 5th) Brazil CB 30 David Luiz 10 1
90%
2016/17 (Premier League - 1st) Brazil CB 29 David Luiz 33 1
90%
2023/24 (Premier League - 6th) Spain LB 25 Marc Cucurella 21
90%
2022/23 (Premier League - 12th) Spain LB 23 Marc Cucurella 24
90%
2016/17 (Premier League - 1st) Serbia RB 32 Branislav Ivanovic 13
89%
2015/16 (Premier League - 10th) Serbia RB 31 Branislav Ivanovic 33 2
89%
2014/15 (Premier League - 1st) Serbia RB 30 Branislav Ivanovic 38 4
89%
2023/24 (Premier League - 6th) England CM 24 Conor Gallagher 37 5
89%
2022/23 (Premier League - 12th) England CM 22 Conor Gallagher 35 3
89%
2014/15 (Premier League - 1st) Ivory Coast ST 36 Didier Drogba 28 4
89%
2020/21 (Premier League - 4th) France ST 33 Olivier Giroud 17 4
89%
2019/20 (Premier League - 4th) France ST 32 Olivier Giroud 18 8
89%
2018/19 (Premier League - 3rd) France ST 31 Olivier Giroud 27 2
89%
2017/18 (Premier League - 5th) France ST 30 Olivier Giroud 13 3
89%
2016/17 (Premier League - 1st) Brazil AM 24 Oscar 9
89%
2015/16 (Premier League - 10th) Brazil AM 23 Oscar 27 3
89%
2014/15 (Premier League - 1st) Brazil AM 22 Oscar 28 6
89%
2014/15 (Premier League - 1st) Czech Republic GK 32 Petr Cech 7
89%
2023/24 (Premier League - 6th) Spain GK 26 Robert Sanchez 16
89%
2018/19 (Premier League - 3rd) Spain ST 25 Alvaro Morata 16 5
88%
2017/18 (Premier League - 5th) Spain ST 24 Alvaro Morata 31 11
88%
2023/24 (Premier League - 6th) France CB 26 Axel Disasi 31 2
86%
2018/19 (Premier League - 3rd) Spain CM 31 Cesc Fabregas 6
86%
2017/18 (Premier League - 5th) Spain CM 30 Cesc Fabregas 32 2
86%
2016/17 (Premier League - 1st) Spain CM 29 Cesc Fabregas 29 5
86%
2015/16 (Premier League - 10th) Spain CM 28 Cesc Fabregas 37 5
86%
2014/15 (Premier League - 1st) Spain CM 27 Cesc Fabregas 34 3
86%
2022/23 (Premier League - 12th) Senegal CB 31 Kalidou Koulibaly 23 2
84%
2023/24 (Premier League - 6th) France RB 21 Malo Gusto 27
84%
2014/15 (Premier League - 1st) Egypt RW 22 Mohamed Salah 3
84%
2020/21 (Premier League - 4th) England ST 22 Tammy Abraham 22 6
84%
2019/20 (Premier League - 4th) England ST 21 Tammy Abraham 34 15
84%
2015/16 (Premier League - 10th) England ST 17 Tammy Abraham 2
84%
2018/19 (Premier League - 3rd) Nigeria RM 27 Victor Moses 2
84%
2017/18 (Premier League - 5th) Nigeria RM 26 Victor Moses 28 3
84%
2016/17 (Premier League - 1st) Nigeria RM 25 Victor Moses 34 3
84%
2020/21 (Premier League - 4th) Argentina GK 38 Willy Caballero 1
84%
2019/20 (Premier League - 4th) Argentina GK 37 Willy Caballero 5
84%
2018/19 (Premier League - 3rd) Argentina GK 36 Willy Caballero 2
84%
2017/18 (Premier League - 5th) Argentina GK 35 Willy Caballero 3
84%
2023/24 (Premier League - 6th) Albania ST 22 Armando Broja 13 1
83%
2022/23 (Premier League - 12th) Albania ST 20 Armando Broja 12 1
83%
2019/20 (Premier League - 4th) Albania ST 17 Armando Broja 1
83%
2022/23 (Premier League - 12th) Gabon ST 33 Pierre-Emerick Aubameyang 15 1
83%
2018/19 (Premier League - 3rd) Argentina ST 30 Gonzalo Higuain 14 5
82%
2022/23 (Premier League - 12th) Ivory Coast ST 19 David Datro Fofana 3
81%
2015/16 (Premier League - 10th) Nigeria DM 28 John Obi Mikel 25
81%
2014/15 (Premier League - 1st) Nigeria DM 27 John Obi Mikel 18
81%
2022/23 (Premier League - 12th) France CB 21 Wesley Fofana 15 1
81%
2021/22 (Premier League - 3rd) Italy LB 26 Emerson Palmieri 1
80%
2020/21 (Premier League - 4th) Italy LB 25 Emerson Palmieri 2
80%
2019/20 (Premier League - 4th) Italy LB 24 Emerson Palmieri 15
80%
2018/19 (Premier League - 3rd) Italy LB 23 Emerson Palmieri 10
80%
2017/18 (Premier League - 5th) Italy LB 22 Emerson Palmieri 5
80%
2023/24 (Premier League - 6th) France CB 23 Benoit Badiashile 18
79%
2022/23 (Premier League - 12th) France CB 21 Benoit Badiashile 11 1
79%
2019/20 (Premier League - 4th) Belgium ST 25 Michy Batshuayi 16 1
79%
2017/18 (Premier League - 5th) Belgium ST 23 Michy Batshuayi 12 2
79%
2016/17 (Premier League - 1st) Belgium ST 22 Michy Batshuayi 20 5
79%
2023/24 (Premier League - 6th) England RW 22 Noni Madueke 23 5
79%
2022/23 (Premier League - 12th) England RW 20 Noni Madueke 12 1
79%
2022/23 (Premier League - 12th) England CM 26 Ruben Loftus-Cheek 25
79%
2021/22 (Premier League - 3rd) England CM 25 Ruben Loftus-Cheek 24
79%
2020/21 (Premier League - 4th) England CM 24 Ruben Loftus-Cheek 1
79%
2019/20 (Premier League - 4th) England CM 23 Ruben Loftus-Cheek 7
79%
2018/19 (Premier League - 3rd) England CM 22 Ruben Loftus-Cheek 24 6
79%
2016/17 (Premier League - 1st) England CM 20 Ruben Loftus-Cheek 6
79%
2015/16 (Premier League - 10th) England CM 19 Ruben Loftus-Cheek 13 1
79%
2014/15 (Premier League - 1st) England CM 18 Ruben Loftus-Cheek 3
79%
2023/24 (Premier League - 6th) England CB 21 Levi Colwill 23 1
78%
2023/24 (Premier League - 6th) Serbia GK 24 Djordje Petrovic 23
77%
2020/21 (Premier League - 4th) France CB 25 Kurt Zouma 24 5
77%
2019/20 (Premier League - 4th) France CB 24 Kurt Zouma 28
77%
2016/17 (Premier League - 1st) France CB 21 Kurt Zouma 9
77%
2015/16 (Premier League - 10th) France CB 20 Kurt Zouma 23 1
77%
2014/15 (Premier League - 1st) France CB 19 Kurt Zouma 15
77%
2015/16 (Premier League - 10th) Colombia ST 29 Radamel Falcao 10 1
77%
2016/17 (Premier League - 1st) England DM 21 Nathaniel Chalobah 10
75%
2015/16 (Premier League - 10th) Brazil CM 28 Ramires 12 2
75%
2014/15 (Premier League - 1st) Brazil CM 27 Ramires 23 2
75%
2023/24 (Premier League - 6th) England CB 24 Trevoh Chalobah 13 1
75%
2022/23 (Premier League - 12th) England CB 22 Trevoh Chalobah 25
75%
2021/22 (Premier League - 3rd) England CB 21 Trevoh Chalobah 20 3
75%
2014/15 (Premier League - 1st) Germany LW 23 Andre Schurrle 14 3
73%
2018/19 (Premier League - 3rd) Italy RM 26 Davide Zappacosta 4
73%
2017/18 (Premier League - 5th) Italy RM 25 Davide Zappacosta 22 1
73%
2015/16 (Premier League - 10th) Colombia RM 27 Juan Cuadrado 1
73%
2014/15 (Premier League - 1st) Colombia RM 26 Juan Cuadrado 12
73%
2023/24 (Premier League - 6th) Belgium DM 20 Romeo Lavia 1
73%
2023/24 (Premier League - 6th) France AM 26 Christopher Nkunku 11 3
72%
2016/17 (Premier League - 1st) Bosnia GK 29 Asmir Begovic 2
71%
2015/16 (Premier League - 10th) Bosnia GK 28 Asmir Begovic 17
71%
2022/23 (Premier League - 12th) Portugal LW 22 Joao Felix 16 4
70%
2021/22 (Premier League - 3rd) England LW 20 Callum Hudson-Odoi 15 1
68%
2020/21 (Premier League - 4th) England LW 19 Callum Hudson-Odoi 23 2
68%
2019/20 (Premier League - 4th) England LW 18 Callum Hudson-Odoi 22 1
68%
2018/19 (Premier League - 3rd) England LW 17 Callum Hudson-Odoi 10
68%
2017/18 (Premier League - 5th) England LW 16 Callum Hudson-Odoi 2
68%
2020/21 (Premier League - 4th) Scotland DM 19 Billy Gilmour 5
66%
2019/20 (Premier League - 4th) Scotland DM 18 Billy Gilmour 6
66%
2023/24 (Premier League - 6th) Netherlands LB 22 Ian Maatsen 12
64%
2017/18 (Premier League - 5th) England CM 27 Danny Drinkwater 12 1
63%
2022/23 (Premier League - 12th) Switzerland DM 25 Denis Zakaria 7
63%
2017/18 (Premier League - 5th) France DM 22 Tiemoue Bakayoko 29 2
63%
2020/21 (Premier League - 4th) England CB 22 Fikayo Tomori 1
61%
2019/20 (Premier League - 4th) England CB 21 Fikayo Tomori 15 1
61%
2015/16 (Premier League - 10th) England CB 17 Fikayo Tomori 1
61%
2014/15 (Premier League - 1st) Brazil LB 28 Filipe Luis 15
61%
2015/16 (Premier League - 10th) France ST 28 Loic Remy 13 1
59%
2014/15 (Premier League - 1st) France ST 27 Loic Remy 19 7
59%
2015/16 (Premier League - 10th) Burkina Faso RW 19 Bertrand Traore 10 2
58%
2016/17 (Premier League - 1st) Netherlands CB 21 Nathan Ake 2
55%
2014/15 (Premier League - 1st) Netherlands CB 19 Nathan Ake 1
55%
2021/22 (Premier League - 3rd) England CM 27 Ross Barkley 6 1
55%
2020/21 (Premier League - 4th) England CM 26 Ross Barkley 2
55%
2019/20 (Premier League - 4th) England CM 25 Ross Barkley 21 1
55%
2018/19 (Premier League - 3rd) England CM 24 Ross Barkley 27 3
55%
2017/18 (Premier League - 5th) England CM 23 Ross Barkley 2
55%
2015/16 (Premier League - 10th) Ghana LB 20 Abdul Baba Rahman 15
52%
2023/24 (Premier League - 6th) Italy CM 21 Cesare Casadei 11
51%
2021/22 (Premier League - 3rd) Brazil LW 25 Kenedy 1
48%
2016/17 (Premier League - 1st) Brazil LW 20 Kenedy 1
48%
2015/16 (Premier League - 10th) Brazil LW 19 Kenedy 14 1
48%
2022/23 (Premier League - 12th) England LB 17 Lewis Hall 9
48%
2017/18 (Premier League - 5th) Wales DM 16 Ethan Ampadu 1
46%
2021/22 (Premier League - 3rd) Spain CM 26 Saul Niguez 10
46%
2015/16 (Premier League - 10th) Brazil ST 25 Alexandre Pato 2 1
45%
2023/24 (Premier League - 6th) France DM 20 Lesley Ugochukwu 12
45%
2023/24 (Premier League - 6th) England CM 20 Carney Chukwuemeka 9 1
43%
2022/23 (Premier League - 12th) England CM 18 Carney Chukwuemeka 14
43%
2017/18 (Premier League - 5th) Belgium LW 20 Charly Musonda 3
43%
2023/24 (Premier League - 6th) Brazil ST 18 Deivid Washington 2
41%
2023/24 (Premier League - 6th) England CB 20 Alfie Gilchrist 11 1
39%
2021/22 (Premier League - 3rd) France CB 22 Malang Sarr 8
39%
2015/16 (Premier League - 10th) United States CB 19 Matt Miazga 2
36%
2016/17 (Premier League - 1st) Nigeria RB 19 Ola Aina 3
34%
2019/20 (Premier League - 4th) Ghana RB 18 Tariq Lamptey 1
33%
2023/24 (Premier League - 6th) England RB 18 Josh Acheampong 1
25%
2022/23 (Premier League - 12th) Jamaica RW 18 Omari Hutchinson 1
23%
2017/18 (Premier League - 5th) Ivory Coast LW 20 Jeremie Boga 1
18%
2023/24 (Premier League - 6th) Finland CM 20 Jimi Tauriainen 1
15%
2019/20 (Premier League - 4th) England AM 17 Tino Anjorin 1
12%
2023/24 (Premier League - 6th) England CM 19 Alex Matos 1
9%
2023/24 (Premier League - 6th) England ST 20 Mason Burstow 2
8%
2015/16 (Premier League - 10th) England CB 17 Jake Clarke-Salter 1
7%
2014/15 (Premier League - 1st) England LW 17 Isaiah Brown 1
5%
No matching quizzes found
Score Distribution
Percent of People with Each Score
Percentile by Number Answered
Your Score History
You have not taken this quiz since the last reset